Statistics of rural schools : (Record no. 34209)

MARC details
000 -LEADER
fixed length control field 01095cam a22002411 4500
001 - CONTROL NUMBER
control field hew59000072
003 - CONTROL NUMBER IDENTIFIER
control field DLC
005 - DATE AND TIME OF LATEST TRANSACTION
control field 20260227111509.0
008 - FIXED-LENGTH DATA ELEMENTS--GENERAL INFORMATION
fixed length control field 831229s1959 dcua s f000 0 eng c
010 ## - LIBRARY OF CONGRESS CONTROL NUMBER
LC control number hew59000072
035 ## - SYSTEM CONTROL NUMBER
System control number (OCoLC)10255952
040 ## - CATALOGING SOURCE
Original cataloging agency U.S. Dept. of Health, Education, and Welfare. Library
Transcribing agency CNoS
Modifying agency ISS
-- DLC
042 ## - AUTHENTICATION CODE
Authentication code premarc
050 00 - LIBRARY OF CONGRESS CALL NUMBER
Classification number L111
Item number .A72 no. 565
086 0# - GOVERNMENT DOCUMENT CLASSIFICATION NUMBER
Classification number FS 5.4:565
100 1# - MAIN ENTRY--PERSONAL NAME
Personal name Harvey, Mary Anne,
Dates associated with a name 1932-
245 10 - TITLE STATEMENT
Title Statistics of rural schools :
Remainder of title a U.S. summary, 1955-56 /
Statement of responsibility, etc. by Mary Anne Harvey under the direction of Walter H. Gaumnitz.
260 ## - PUBLICATION, DISTRIBUTION, ETC.
Place of publication, distribution, etc. Washington :
Name of publisher, distributor, etc. U.S. Dept. of Health, Education, and Welfare, Office of Education,
Date of publication, distribution, etc. 1959.
300 ## - PHYSICAL DESCRIPTION
Extent iii, 17 p. :
Other physical details tables ;
Dimensions 27 cm.
440 #0 - SERIES STATEMENT/ADDED ENTRY--TITLE
Title Circular (United States. Office of Education) ;
Volume/sequential designation no. 565
501 ## - WITH NOTE
With note With: Guide to the National defense education act of 1958 / by Theodora E. Carlson ; assisted by Catherine P. Williams. Washington : Office of Education, 1959. Bound together subsequent to publication.
Institution to which field applies DLC
650 #0 - SUBJECT ADDED ENTRY--TOPICAL TERM
Topical term or geographic name entry element Rural schools
Geographic subdivision United States
Form subdivision Statistics.

No items available.

Powered by Koha